Statistics for Districts of Budapest (Easy)

Click here to take the quiz!

General Stats

  • This quiz has been taken 189 times
  • The average score is 21 of 23

Answer Stats

HintAnswer% Correct
VárkerületI.
99%
JózsefvárosVIII.
96%
Belváros-LipótvárosV.
95%
Óbuda-BékásmegyerIII.
94%
FerencvárosIX.
93%
Hűvösvölgy-PasarétII.
92%
CsepelXXI.
92%
TerézvárosVI.
91%
ErzsébetvárosVII.
91%
HegyvidékXII.
91%
KőbányaX.
89%
AngyalföldXIII.
89%
Rákospalota-Pestújhely-ÚjpalotaXV.
89%
ÚjpestIV.
88%
ÚjbudaXI.
88%
ZúglóXIV.
88%
KispestXIX.
88%
Budafok-TétényXXII.
88%
Mátyásföld, Árpádföld, Sashalom, CinkotaXVI.
86%
PesterzsébetXX.
86%
RákosmenteXVII.
85%
Pestszentlőrinc-PestszentimreXVIII.
85%
SoroksárXXIII.
85%

Score Distribution

Percentile by Number Answered

Percent of People with Each Score

Your Score History

You have not taken this quiz